Urban renaissance Canberra

Salvato in:
Dettagli Bibliografici
Natura: Libro
Lingua:inglese
Pubblicazione: Paris OECD 2002
Soggetti:
Tags: Aggiungi Tag
Nessun Tag, puoi essere il primo ad aggiungerne!!

MARC

LEADER 00000nam a2200000 4500
001 c136831
005 20221221092248.3
020 |a 92-64-19690-0 
041 0 |a eng 
044 |a FR 
245 1 0 |a Urban renaissance  |b Canberra 
264 1 |a Paris  |b OECD  |c 2002 
300 |a 236 s. 
610 2 0 |a plánovanie územné 
610 2 0 |a urbanizmus 
610 2 0 |a mestá 
610 2 0 |a prognózy 
610 2 0 |a svet 
610 2 0 |a OECD 
610 2 0 |a Canberra 
610 2 0 |a aglomerácie mestské 
610 2 0 |a plánovanie krajiny 
610 2 0 |a stavba miest 
610 2 0 |a urbanizácia 
610 2 0 |a veľkomestá 
610 2 0 |a Austrália